01767nam a2200265 i 4500001000700000003000700007005001700014008004100031015001000072017005000082020001800132040002900150245009700179260003800276300002400314336002200338337003000360338002400390520078100414651002601195852010901221942001801330999001901348952013401367193990SpMaBN20250518063241.0240209s2023 sp | |||| 000 spa  aMON23 aM 28726-2023bOficina Depósito Legal Madrid a9788430989188 aSpMaBNbspacSpMaBNerda aEl futuro de la Cuba postrevolucionaria /cSusanne Gratius, Matías Mongan (coordinadores). aMadrid :bEditorial Tecnos,c2023 a343 pág. ;c23 cm aTexto2rdacontent asin mediación2rdamedia avolumen2rdacarrier aDesde 2018, cuándo Miguel Díaz-Canel asumió la presidencia para sustituir a Raúl Castro, Cuba ha entrado en la postrevolución. El cambio generacional y el fin del Castrismo marca un antes y despues en la Isla. Las protestas ciudadanas del 11 de julio de 2021 señalaron una creciente "latinoamericanización" de Cuba y el fin de los logros sociales de la Revolución que está entrando en su última fase. No obstante, la transición democrática sigue bloqueada, entre otros por el longevo embargo de EE.UU. Este libro, escrito por un grupo de autores y autoras de Europa y Cuba, analiza, desde un enfoque multidisciplinar, la situación política, económica, social e internacional de la Isla para desarrollar y discutir diferentes escenarios de futuro. 498094aCuba-xHistoria aES-MaACLbR.155009cDEPOJjN-9790xEncuadernación rústica con solapashDonación: Editorial9205562 cMONOGRAFIAn0 c193990d193990 00102udc4070aATENEOMbATENEOMcDEPOJd2025-05-16eDONACIONl0oN-9790p101230099r2025-05-16 00:00:00w2025-05-16yMONOGRAFIA